|
|
|
|
| LEADER |
00000nam a2200000 a 4500 |
| 001 |
vtls001380122 |
| 003 |
SK-MaSNL |
| 005 |
20260224200658.0 |
| 008 |
000105s1919 xx 0 und |
| 035 |
|
|
|a SNK000334106
|
| 040 |
|
|
|a SNK
|b slo
|c SNK
|e AACR2
|
| 245 |
1 |
|
|a Slovenský národ. Roč. 1., č. 3-8, 1919
|
| 260 |
|
|
|a Budapešť
|b Slovenská centrálna kancelária
|c 1919
|
| 999 |
|
|
|c 1152339
|d 1154269
|
| 952 |
|
|
|a SNK
|b SNK
|y PREZ
|7 0
|p 17A0221814
|o snkČSA 532/1/1919
|0 0
|1 0
|4 0
|d 2000-01-05
|l 0
|r 2005-01-02 00:00:00
|w 2026-02-24
|
| 952 |
|
|
|a SNK
|b SNK
|y PREZ
|7 0
|p 17A0413282
|o snkČSA 532/1/1919 D1
|i snkČSK 141/58
|8 3
|0 0
|1 0
|4 0
|d 2004-02-17
|l 0
|r 2005-01-02 00:00:00
|w 2026-02-24
|